|
|
|
|
| LEADER |
00623nab a2200181 i 4500 |
| 001 |
acta40468 |
| 005 |
20260224081030.0 |
| 008 |
170704s1991 hu o 000 hun d |
| 022 |
|
|
|a 0237-7934
|
| 040 |
|
|
|a SZTE Egyetemi Kiadványok Repozitórium
|b hun
|
| 041 |
|
|
|a hun
|
| 100 |
1 |
|
|a Molnár Antal
|
| 245 |
1 |
0 |
|a Beszámoló a gazzadai egyháztörténeti konferenciáról
|h [elektronikus dokumentum] /
|c Molnár Antal
|
| 260 |
|
|
|c 1991
|
| 300 |
|
|
|a 88-91
|
| 490 |
0 |
|
|a Aetas
|v 6 No. 2
|
| 695 |
|
|
|a Egyháztörténet - katolikus - konferencia
|
| 856 |
4 |
0 |
|u http://acta.bibl.u-szeged.hu/40468/1/aetas_1991_002_088-091.pdf
|z Dokumentum-elérés
|